00773cam a2200217 a 450000100100000000500170001000800410002704000250006808200200009310000410011324500840015426000930023830000180033149000230034949000300037265000280040265000230043065000120045370000370046583000530050200000576020200929151755.0761027s1965 uy 001 0 spa  aDO-SdBNPbspacBNPHU a809.9112bP438m1 aPérez Petit, Víctor,d1871-1947.14aLos modernistas /cVíctor Pérez Petit ; prólogo, Nicolás Fusco Sansone. aMontevideo, Uruguay :bMinisterio de Instrucción Pública y Revisión Social,c1965. a1 t ;c20 cm.1 aBiblioteca Artigas1 aClásicos uruguayosv89. 4aModernismo (literatura) 4aLiteratura moderna 4aAutores1 aFusco Sansone, Nicolás,eprol. 0aBiblioteca Artigas.pclásicos uruguayos ;v89.